Welcome to the Holygrace Academy Library

Please use search bar below to get started

100 THINGS TO DO ON A PLANE (Record no. 6610)

MARC details
000 -LEADER
fixed length control field 00554nam a22001337a 4500
020 ## - INTERNATIONAL STANDARD BOOK NUMBER
ISBN 978-1-4749-0397-4
082 ## - DEWEY DECIMAL CLASSIFICATION NUMBER
Classification number 823
Item number SMI/H
100 ## - MAIN ENTRY--AUTHOR NAME
Personal name SMITH, SAM
245 ## - TITLE STATEMENT
Title 100 THINGS TO DO ON A PLANE
260 ## - PUBLICATION, DISTRIBUTION, ETC. (IMPRINT)
Place of publication ENGLAND
Name of publisher USBORNE PUBLISHING LTD
520 ## - SUMMARY, ETC.
Summary, etc A pocket-sized book full of puzzles, doodles and drawings to help time fly on any plane journey. Children can find the names of aeroplane stunts in a word search, draw and colour piles of luggage and find the route through an airport maze to the terminal.<br/>
650 ## - SUBJECT ADDED ENTRY--TOPICAL TERM
Topical Term SHORT STORY
942 ## - ADDED ENTRY ELEMENTS (KOHA)
Koha item type Books
Holdings
Withdrawn status Lost status Collection code Home library Current library Shelving location Date acquired Source of acquisition Full call number Accession Number Koha item type
    Fiction Main Library Main Library SHELF-17B-- G.K RELATED QUIZ BOOK 18/07/2019 Purchase 823 SMI/H 11352 Books